| 000 | 00571nam a22001937a 4500 | ||
|---|---|---|---|
| 003 | OSt | ||
| 005 | 20181126051931.0 | ||
| 008 | 180307b xxu||||| |||| 00| 0 spa d | ||
| 020 | _a950027067 | ||
| 040 | _cPJ | ||
| 100 |
_93198 _aPiantoni, Mario A. |
||
| 245 | 1 | 4 |
_aContrato de compra venta negocio jurÃdico venta / _bMario A. Piantoni. |
| 260 |
_aBuenos Aires : _bLa Ley, _c1982. |
||
| 300 |
_a99 p. _c25 cm. |
||
| 650 | 0 |
_9352 _aDERECHO CIVIL |
|
| 650 | 0 |
_91589 _aCONTRATOS CIVILES |
|
| 650 | 0 |
_91894 _aCOMPRAVENTA MERCANTIL |
|
| 942 |
_2udc _cLIB _h347.451 _iPIA |
||
| 999 |
_c2049 _d2049 |
||